[Event "Winnipeg TNT Aug op"]
[Site "Winnipeg CAN"]
[Date "2004.04.27"]
[Round "4"]
[White "Estabrooks, Mike"]
[Black "Pottinger, Carl"]
[Result "0-1"]
[WhiteElo "1700"]
[BlackElo "1653"]
[PlyCount "89"]
[GameId "2160767911094782"]
[EventDate "2004.08.03"]
[EventType "swiss"]
[EventRounds "4"]
[EventCountry "CAN"]
[SourceTitle "EXT 2006"]
[Source "ChessBase"]
[SourceDate "2005.11.24"]
[SourceVersion "1"]
[SourceVersionDate "2005.11.24"]
[SourceQuality "1"]

1. f4 d5 2. Nf3 Nf6 3. e3 g6 4. d3 Bg7 5. Be2 O-O 6. O-O c5 7. Qe1 Nc6 8. h3 Qc7 9. Nc3 a6 10. g4 d4 11. Nd1 e5 12. fxe5 Nxe5 13. Nxe5 Qxe5 14. e4 Qc7 15. Qh4 Nd7 16. Qe7 Qc6 17. Bf4 Bf6 18. Qd6 Qxd6 19. Bxd6 Re8 20. b4 cxb4 21. Bxb4 Bg7 22. a4 Ne5 23. c4 Nxc4 24. Rc1 Ne5 25. Rc7 b5 26. axb5 axb5 27. Bd6 Be6 28. Rb7 Ra2 29. Rf2 Ra1 30. Bxe5 Bxe5 31. Rxb5 Bg7 32. Kg2 Rc8 33. Nb2 Rcc1 34. Rf1 Rxf1 35. Bxf1 Rb1 36. Rb6 Bh6 37. Nc4 Rxb6 38. Nxb6 g5 39. Kf3 Bg7 40. Na4 Kf8 41. Nb2 Ke7 42. Be2 Kd6 43. Nc4+ Kc5 44. Na5 Kb4 45. Nc6+ 0-1

[Event "Winnipeg TNT Aug op"]
[Site "Winnipeg CAN"]
[Date "2004.04.27"]
[Round "4"]
[White "Lafreniere, Adrian"]
[Black "Taylor, Evan"]
[Result "1-0"]
[WhiteElo "1815"]
[BlackElo "1359"]
[PlyCount "25"]
[GameId "2160767911094783"]
[EventDate "2004.08.03"]
[EventType "swiss"]
[EventRounds "4"]
[EventCountry "CAN"]
[SourceTitle "EXT 2006"]
[Source "ChessBase"]
[SourceDate "2005.11.24"]
[SourceVersion "1"]
[SourceVersionDate "2005.11.24"]
[SourceQuality "1"]

1. e4 e5 2. Nf3 Nf6 3. Nc3 Nc6 4. d4 Bb4 5. Qd3 Qe7 6. d5 Nd4 7. Bg5 Nxf3+ 8. Qxf3 d6 9. Bb5+ Bd7 10. Bxd7+ Kxd7 11. Qd3 Bxc3+ 12. Qxc3 Nxe4 13. Qh3+ 1-0

[Event "Winnipeg TNT Aug op"]
[Site "Winnipeg CAN"]
[Date "2004.04.27"]
[Round "4"]
[White "Lauritson, Jim"]
[Black "Cleto, Sam"]
[Result "1-0"]
[WhiteElo "1893"]
[BlackElo "1883"]
[PlyCount "71"]
[GameId "2160767911094784"]
[EventDate "2004.08.03"]
[EventType "swiss"]
[EventRounds "4"]
[EventCountry "CAN"]
[SourceTitle "EXT 2006"]
[Source "ChessBase"]
[SourceDate "2005.11.24"]
[SourceVersion "1"]
[SourceVersionDate "2005.11.24"]
[SourceQuality "1"]

1. e4 g6 2. d4 d6 3. Nc3 Bg7 4. Bc4 Nf6 5. f3 O-O 6. Bg5 c6 7. Qd2 b5 8. Bb3 a5 9. a3 Nbd7 10. Nge2 Bb7 11. O-O Qb6 12. Be3 Qc7 13. Ng3 Ba6 14. Rfe1 Rad8 15. h3 e6 16. f4 c5 17. a4 b4 18. Nb5 Qb8 19. f5 exf5 20. exf5 cxd4 21. Nxd4 Nc5 22. Nc6 Nxb3 23. cxb3 Qb7 24. Nxd8 Rxd8 25. Bg5 d5 26. fxg6 hxg6 27. Kh1 Rc8 28. Rac1 Ne4 29. Rxc8+ Qxc8 30. Nxe4 dxe4 31. Rxe4 Bb7 32. Re3 Qf5 33. Kg1 Kh7 34. Re1 Bd5 35. Qf4 Qc2 36. Qh4+ 1-0

[Event "Winnipeg TNT Aug op"]
[Site "Winnipeg CAN"]
[Date "2004.04.27"]
[Round "4"]
[White "MacPherson, Al"]
[Black "Czarny, Keith"]
[Result "1-0"]
[WhiteElo "1638"]
[BlackElo "1657"]
[PlyCount "31"]
[GameId "2160767911094785"]
[EventDate "2004.08.03"]
[EventType "swiss"]
[EventRounds "4"]
[EventCountry "CAN"]
[SourceTitle "EXT 2006"]
[Source "ChessBase"]
[SourceDate "2005.11.24"]
[SourceVersion "1"]
[SourceVersionDate "2005.11.24"]
[SourceQuality "1"]

1. d4 f5 2. Bg5 g6 3. c4 Bg7 4. Nf3 Nf6 5. Nc3 O-O 6. e3 d6 7. Be2 Qe8 8. O-O e5 9. dxe5 dxe5 10. Qb3 e4 11. Nd4 a6 12. Nd5 Nxd5 13. cxd5 Kh8 14. Rfd1 Nd7 15. Ne6 Nc5 16. Nxc5 1-0

[Event "Winnipeg TNT Aug op"]
[Site "Winnipeg CAN"]
[Date "2004.04.27"]
[Round "4"]
[White "Milord, Frank"]
[Black "Trueman, Francis"]
[Result "1-0"]
[WhiteElo "1555"]
[BlackElo "1495"]
[PlyCount "49"]
[GameId "2160767911094786"]
[EventDate "2004.08.03"]
[EventType "swiss"]
[EventRounds "4"]
[EventCountry "CAN"]
[SourceTitle "EXT 2006"]
[Source "ChessBase"]
[SourceDate "2005.11.24"]
[SourceVersion "1"]
[SourceVersionDate "2005.11.24"]
[SourceQuality "1"]

1. d4 Nf6 2. Nf3 d6 3. Nc3 g6 4. e4 Bg7 5. Be2 O-O 6. h3 c6 7. a4 a5 8. O-O Nbd7 9. Be3 e5 10. dxe5 dxe5 11. Qd2 Re8 12. Rfd1 Qe7 13. Qd6 Qxd6 14. Rxd6 Bf8 15. Rdd1 Nc5 16. Nd2 Ne6 17. Nc4 Nd4 18. Bxd4 exd4 19. Rxd4 Bc5 20. Rd2 Be6 21. Nd6 Red8 22. Rad1 Rd7 23. e5 Nh5 24. Bxh5 gxh5 25. Nce4 1-0

[Event "Winnipeg TNT Aug op"]
[Site "Winnipeg CAN"]
[Date "2004.04.27"]
[Round "4"]
[White "Nair, Krishnan"]
[Black "Anderson, George"]
[Result "1-0"]
[WhiteElo "1221"]
[BlackElo "1510"]
[PlyCount "33"]
[GameId "2160767911094787"]
[EventDate "2004.08.03"]
[EventType "swiss"]
[EventRounds "4"]
[EventCountry "CAN"]
[SourceTitle "EXT 2006"]
[Source "ChessBase"]
[SourceDate "2005.11.24"]
[SourceVersion "1"]
[SourceVersionDate "2005.11.24"]
[SourceQuality "1"]

1. e4 e6 2. Nf3 c5 3. Bc4 Qc7 4. O-O b6 5. Re1 Ba6 6. Bxa6 Nxa6 7. e5 Ne7 8. Ng5 h6 9. Nxf7 Kxf7 10. Qf3+ Kg6 11. Qxa8 Nc6 12. Qe8+ Kh7 13. f4 Ne7 14. Qf7 c4 15. Nc3 Nb4 16. Ne4 Nxc2 17. Nf6# 1-0

[Event "Winnipeg TNT Aug op"]
[Site "Winnipeg CAN"]
[Date "2004.08.24"]
[Round "4"]
[White "Costales, Servillano"]
[Black "Gibson, Fred"]
[Result "1-0"]
[WhiteElo "1673"]
[BlackElo "1173"]
[PlyCount "71"]
[GameId "2160767911094790"]
[EventDate "2004.08.03"]
[EventType "swiss"]
[EventRounds "4"]
[EventCountry "CAN"]

1. b3 d5 2. Bb2 Nc6 3. g3 e5 4. Bg2 Nf6 5. d3 Bc5 6. e3 O-O 7. Ne2 Bg4 8. Nd2 d4 9. e4 Bb4 10. O-O Na5 11. a3 Bc3 12. Bxc3 dxc3 13. Nb1 Bxe2 14. Qxe2 Qd4 15. Qe1 Nc6 16. Nxc3 b5 17. Nxb5 Qd7 18. Nc3 Nd4 19. Qd1 Ne8 20. Nd5 c6 21. Ne3 Nf6 22. Nc4 Qc7 23. a4 a5 24. c3 Ne6 25. Rc1 Rfd8 26. Qf3 Rab8 27. Rb1 Nc5 28. Nxe5 Nxb3 29. Nc4 Nc5 30. Rxb8 Rxb8 31. e5 Nd5 32. d4 Nxa4 33. Rc1 Rb3 34. Qg4 Naxc3 35. Nxa5 Qxa5 36. Qc8+ 1-0

[Event "Winnipeg TNT Aug op"]
[Site "Winnipeg CAN"]
[Date "2004.08.24"]
[Round "4"]
[White "Gibbons, Lorne"]
[Black "Booth, Kevin"]
[Result "1-0"]
[WhiteElo "1312"]
[BlackElo "1185"]
[PlyCount "81"]
[GameId "2160767911094791"]
[EventDate "2004.08.03"]
[EventType "swiss"]
[EventRounds "4"]
[EventCountry "CAN"]

1. e4 c5 2. f4 d6 3. Nf3 Nc6 4. Be2 g6 5. d3 Bg7 6. Bd2 Nf6 7. Bc3 O-O 8. Nbd2 Ng4 9. Bxg7 Kxg7 10. Nf1 Qb6 11. h3 Nf6 12. b3 Qb4+ 13. Qd2 Qxd2+ 14. N1xd2 e5 15. fxe5 Nxe5 16. O-O-O a5 17. c4 a4 18. Kb2 a3+ 19. Kc3 Be6 20. Nxe5 dxe5 21. Rb1 Nh5 22. Bxh5 gxh5 23. b4 b6 24. bxc5 bxc5 25. Rb5 Rfc8 26. Rhb1 Kg6 27. h4 Bg4 28. Rb6+ Kg7 29. Rd6 Be6 30. Rb3 Rc7 31. Nb1 Rd7 32. Rxd7 Bxd7 33. Rxa3 Rxa3+ 34. Nxa3 f5 35. Nb5 Kf8 36. a4 fxe4 37. dxe4 Ke8 38. a5 Kd8 39. Kb3 Kc8 40. a6 Kb8 41. Ka4 1-0

[Event "Winnipeg TNT Aug op"]
[Site "Winnipeg CAN"]
[Date "2004.08.24"]
[Round "4"]
[White "Khedkar, Jay S"]
[Black "Degroot, Stephen"]
[Result "1-0"]
[WhiteElo "1939"]
[BlackElo "1599"]
[PlyCount "41"]
[GameId "2160767911094792"]
[EventDate "2004.08.03"]
[EventType "swiss"]
[EventRounds "4"]
[EventCountry "CAN"]
[SourceTitle "EXT 2006"]
[Source "ChessBase"]
[SourceDate "2005.11.24"]
[SourceVersion "1"]
[SourceVersionDate "2005.11.24"]
[SourceQuality "1"]

1. e4 c5 2. Nf3 d6 3. d4 cxd4 4. Nxd4 Nf6 5. Nc3 a6 6. Bg5 e6 7. f4 Be7 8. Qf3 Qc7 9. O-O-O Nbd7 10. Bd3 b5 11. Rhe1 Bb7 12. Qg3 b4 13. Nd5 Bxd5 14. exd5 Nc5 15. dxe6 Nxd3+ 16. Qxd3 g6 17. exf7+ Kxf7 18. Re6 Rhe8 19. Rde1 Nd5 20. Bxe7 Rxe7 21. Qe4 1-0

[Event "Winnipeg TNT Aug op"]
[Site "Winnipeg CAN"]
[Date "2004.08.24"]
[Round "4"]
[White "Lauritson, Jim"]
[Black "Vincent, Trevor"]
[Result "0-1"]
[WhiteElo "1955"]
[BlackElo "1992"]
[PlyCount "64"]
[GameId "2160767911094793"]
[EventDate "2004.08.03"]
[EventType "swiss"]
[EventRounds "4"]
[EventCountry "CAN"]

1. e4 c5 2. Nf3 Nc6 3. d4 cxd4 4. Nxd4 g6 5. Nc3 Bg7 6. Be3 Nf6 7. Be2 O-O 8. O-O d5 9. Nxc6 bxc6 10. exd5 Nxd5 11. Nxd5 cxd5 12. c3 e5 13. Qa4 Qc7 14. Rfd1 Be6 15. Rac1 Rfd8 16. b3 Qe7 17. Bb5 Rab8 18. Bc6 d4 19. cxd4 exd4 20. Bf4 Rbc8 21. Qa6 Bf5 22. Bb5 Rxc1 23. Bxc1 d3 24. Be3 Bd4 25. Re1 Rd6 26. Qa5 Qf6 27. Bxd4 Qxd4 28. Qd2 Bg4 29. Bc4 Be2 30. h3 Rf6 31. Qe3 Qxe3 32. fxe3 d2 0-1

[Event "Winnipeg TNT Aug op"]
[Site "Winnipeg CAN"]
[Date "2004.08.24"]
[Round "4"]
[White "Milord, Frank"]
[Black "Estabrooks, Mike"]
[Result "0-1"]
[WhiteElo "1592"]
[BlackElo "1711"]
[PlyCount "73"]
[GameId "2160767911094794"]
[EventDate "2004.08.03"]
[EventType "swiss"]
[EventRounds "4"]
[EventCountry "CAN"]
[SourceTitle "EXT 2006"]
[Source "ChessBase"]
[SourceDate "2005.11.24"]
[SourceVersion "1"]
[SourceVersionDate "2005.11.24"]
[SourceQuality "1"]

1. d4 d5 2. c4 c6 3. Nf3 Nf6 4. e3 e6 5. Bd3 b6 6. O-O Bd6 7. Nbd2 Qc7 8. e4 dxe4 9. Nxe4 Nxe4 10. Bxe4 Bb7 11. d5 O-O 12. dxe6 fxe6 13. h3 Nd7 14. Ng5 Nf6 15. Qc2 h6 16. Bh7+ Kh8 17. Nxe6 Qe7 18. Nxf8 Rxf8 19. Bg6 Qe5 20. f4 Qd4+ 21. Qf2 Qxc4 22. b3 Qb5 23. Bb2 Nd5 24. f5 Nf4 25. f6 gxf6 26. Rae1 Qg5 27. Kh1 Qxg6 28. Qd2 c5 29. Rf2 Rg8 30. Rg1 Qf5 31. Qe3 Be5 32. Bxe5 fxe5 33. Kh2 h5 34. g4 hxg4 35. Rxg4 Rxg4 36. hxg4 Qh7+ 37. Kg1 0-1

[Event "Winnipeg TNT Aug op"]
[Site "Winnipeg CAN"]
[Date "2004.08.24"]
[Round "4"]
[White "Nikouline, Alexandre"]
[Black "Anderson, George"]
[Result "1-0"]
[WhiteElo "2012"]
[BlackElo "1473"]
[PlyCount "53"]
[GameId "2160767911094796"]
[EventDate "2004.08.03"]
[EventType "swiss"]
[EventRounds "4"]
[EventCountry "CAN"]

1. e4 e6 2. d4 d5 3. e5 Bd7 4. Nf3 c5 5. c3 Qb6 6. Bd3 Ne7 7. O-O Ng6 8. Ng5 Be7 9. f4 cxd4 10. Kh1 Bb5 11. Bxb5+ Qxb5 12. cxd4 Nc6 13. Nc3 Qa6 14. f5 Bxg5 15. fxg6 Bxc1 16. gxf7+ Kf8 17. Rxc1 Qb6 18. Na4 Qxd4 19. Qb3 Qb4 20. Qxb4+ Nxb4 21. Nc5 Nc6 22. Nxe6+ Ke7 23. f8=Q+ Rhxf8 24. Nxf8 Rxf8 25. Rxf8 Kxf8 26. Rc5 Ke7 27. Rxd5 1-0

[Event "Winnipeg TNT Aug op"]
[Site "Winnipeg CAN"]
[Date "2004.08.24"]
[Round "4"]
[White "Reimer, Bruce"]
[Black "Silva, T Romero"]
[Result "0-1"]
[WhiteElo "1344"]
[BlackElo "1636"]
[PlyCount "62"]
[GameId "2160767911094797"]
[EventDate "2004.08.03"]
[EventType "swiss"]
[EventRounds "4"]
[EventCountry "CAN"]
[SourceTitle "EXT 2006"]
[Source "ChessBase"]
[SourceDate "2005.11.24"]
[SourceVersion "1"]
[SourceVersionDate "2005.11.24"]
[SourceQuality "1"]

1. c4 Nf6 2. g3 e6 3. Bg2 Be7 4. Nc3 a6 5. e4 d6 6. d4 c6 7. Nge2 Qc7 8. O-O O-O 9. Be3 Rd8 10. h3 Nbd7 11. Bg5 Nf8 12. Qc2 Ng6 13. Rad1 Bd7 14. c5 dxc5 15. dxc5 Bxc5 16. Bxf6 gxf6 17. Na4 Be7 18. a3 Rac8 19. b4 c5 20. Qb2 Bxa4 21. Rc1 c4 22. Nc3 Bc6 23. Qe2 b5 24. Qg4 Kh8 25. Qh5 Qe5 26. Qh6 Bf8 27. Qe3 Rd3 28. Qe1 Rcd8 29. f4 Qd4+ 30. Kh2 Rd2 31. Rd1 Qxc3 0-1

[Event "Winnipeg TNT Aug op"]
[Site "Winnipeg CAN"]
[Date "2004.08.24"]
[Round "4"]
[White "Wasney, Mark"]
[Black "Podmoroff, Yuri"]
[Result "1-0"]
[WhiteElo "1715"]
[BlackElo "1287"]
[PlyCount "81"]
[GameId "2160767911094798"]
[EventDate "2004.08.03"]
[EventType "swiss"]
[EventRounds "4"]
[EventCountry "CAN"]

1. e4 c5 2. Nf3 Nc6 3. d4 cxd4 4. Nxd4 g6 5. Be2 Bg7 6. Be3 Qb6 7. Nb3 Qc7 8. Nc3 e6 9. Nb5 Qd8 10. Nd6+ Ke7 11. Bc5 Bxb2 12. Nxb7+ Ke8 13. Nxd8 Kxd8 14. O-O Nge7 15. Rb1 Bc3 16. Qd3 Bf6 17. Nd4 h6 18. Nxc6+ Nxc6 19. f4 a5 20. Rb6 Nb4 21. Bxb4 axb4 22. f5 Ra3 23. Qd1 Rxa2 24. fxe6 Ra1 25. Qd5 Rxf1+ 26. Bxf1 fxe6 27. Rxe6 Rf8 28. Rd6 Bg5 29. Qd4 Bh4 30. g3 Be7 31. Rxg6 h5 32. Qb6+ Ke8 33. Qc7 Kf7 34. Rh6 Bg5 35. Bc4+ Kg7 36. Rxh5 Kg6 37. Rxg5+ Kxg5 38. Qc5+ Kg4 39. Qxf8 b3 40. Qf4+ Kh3 41. Bf1# 1-0

[Event "Winnipeg TNT Aug op"]
[Site "Winnipeg CAN"]
[Date "2004.08.24"]
[Round "4"]
[White "Zhou, Lu"]
[Black "Essery, Richard"]
[Result "1-0"]
[WhiteElo "1646"]
[BlackElo "1725"]
[PlyCount "41"]
[GameId "2160767911094799"]
[EventDate "2004.08.03"]
[EventType "swiss"]
[EventRounds "4"]
[EventCountry "CAN"]

1. e4 b6 2. d4 Bb7 3. Bd3 f5 4. f3 fxe4 5. fxe4 Nf6 6. Nd2 e6 7. Ngf3 c5 8. c3 d6 9. O-O Nbd7 10. Qe2 Qe7 11. e5 dxe5 12. dxe5 Nd5 13. Nc4 Nb8 14. Nd6+ Kd8 15. Bg5 Nf6 16. exf6 gxf6 17. Nxb7+ Kc7 18. Ne5 c4 19. Bxc4 Kxb7 20. Qe4+ Kc8 21. Bxf6 1-0

[Event "Winnipeg TNT Febr op"]
[Site "Winnipeg CAN"]
[Date "2004.02.03"]
[Round "1"]
[White "Degroot, Stephen"]
[Black "Babb, Jeff"]
[Result "0-1"]
[WhiteElo "1524"]
[BlackElo "2145"]
[PlyCount "54"]
[GameId "2160767911192077"]
[EventDate "2004.02.03"]
[EventType "swiss"]
[EventRounds "4"]
[EventCountry "CAN"]
[SourceTitle "EXT 2006"]
[Source "ChessBase"]
[SourceDate "2005.11.24"]
[SourceVersion "1"]
[SourceVersionDate "2005.11.24"]
[SourceQuality "1"]

1. c4 Nf6 2. Nc3 e6 3. e4 c5 4. Nge2 Nc6 5. g3 d5 6. d3 dxc4 7. Nf4 cxd3 8. Nxd3 Be7 9. Bf4 O-O 10. Qc2 Nd4 11. Qd1 b5 12. e5 Nd5 13. Bg2 Bb7 14. Nxd5 Bxd5 15. f3 c4 16. Nf2 Qa5+ 17. Kf1 Bc5 18. h4 Qb6 19. Ne4 Bxe4 20. fxe4 Rfd8 21. Bg5 Rd7 22. Rc1 Qc7 23. Bf6 gxf6 24. Qg4+ Kh8 25. exf6 Rg8 26. Qd1 Qxg3 27. Qd2 Rg4 0-1

[Event "Winnipeg TNT Febr op"]
[Site "Winnipeg CAN"]
[Date "2004.02.03"]
[Round "1"]
[White "Greenberg, Harley"]
[Black "Anderson, George"]
[Result "1/2-1/2"]
[WhiteElo "1815"]
[BlackElo "1500"]
[PlyCount "89"]
[GameId "2160767911192078"]
[EventDate "2004.02.03"]
[EventType "swiss"]
[EventRounds "4"]
[EventCountry "CAN"]
[SourceTitle "EXT 2006"]
[Source "ChessBase"]
[SourceDate "2005.11.24"]
[SourceVersion "1"]
[SourceVersionDate "2005.11.24"]
[SourceQuality "1"]

1. e4 e6 2. d4 d5 3. Nc3 Bb4 4. exd5 Qxd5 5. a3 Bxc3+ 6. bxc3 Nf6 7. Nf3 Bd7 8. c4 Qe4+ 9. Be2 Ba4 10. Ra2 O-O 11. O-O Qc6 12. Ne5 Qe8 13. Rb2 b6 14. Bf3 Bc6 15. d5 exd5 16. Re1 Qd8 17. c3 Qd6 18. Rd2 Nbd7 19. Nxc6 Qxc6 20. cxd5 Qxc3 21. d6 Rae8 22. dxc7 Rxe1+ 23. Qxe1 Qxc7 24. Re2 Rc8 25. Bb2 Nc5 26. Re7 Qf4 27. Qd1 Ncd7 28. g3 Qb8 29. Qb3 Rf8 30. Bxf6 Nxf6 31. Rb7 Qd6 32. Rxa7 Nd7 33. Bd5 g6 34. Qd3 Kg7 35. Qb5 Ne5 36. f4 Rd8 37. fxe5 Qxd5 38. Qxd5 Rxd5 39. e6 Re5 40. exf7 Kf8 41. Kf2 b5 42. Kf3 Rh5 43. h4 Rf5+ 44. Ke4 h5 45. Rb7 1/2-1/2

[Event "Winnipeg TNT Febr op"]
[Site "Winnipeg CAN"]
[Date "2004.02.03"]
[Round "1"]
[White "Kohalmi, Andy"]
[Black "Cleto, Sam"]
[Result "0-1"]
[WhiteElo "1584"]
[BlackElo "1865"]
[PlyCount "45"]
[GameId "2160767911192079"]
[EventDate "2004.02.03"]
[EventType "swiss"]
[EventRounds "4"]
[EventCountry "CAN"]
[SourceTitle "EXT 2006"]
[Source "ChessBase"]
[SourceDate "2005.11.24"]
[SourceVersion "1"]
[SourceVersionDate "2005.11.24"]
[SourceQuality "1"]

1. d4 Nf6 2. Nf3 e6 3. e3 Be7 4. Bd3 O-O 5. Nbd2 d5 6. O-O c5 7. b3 Nc6 8. Bb2 cxd4 9. exd4 Nb4 10. Be2 Qc7 11. c3 Nc6 12. Rc1 a6 13. Bd3 b5 14. Re1 Qf4 15. c4 Bb4 16. cxd5 exd5 17. Rxc6 Bg4 18. Re2 Rfe8 19. Rxe8+ Rxe8 20. Kf1 Ne4 21. g3 Nxd2+ 22. Qxd2 Bh3+ 23. Kg1 0-1

[Event "Winnipeg TNT Febr op"]
[Site "Winnipeg CAN"]
[Date "2004.02.03"]
[Round "1"]
[White "Milord, Frank"]
[Black "Takacs, Alexander"]
[Result "0-1"]
[WhiteElo "1569"]
[BlackElo "1612"]
[PlyCount "36"]
[GameId "2160767911192080"]
[EventDate "2004.02.03"]
[EventType "swiss"]
[EventRounds "4"]
[EventCountry "CAN"]

1. e4 d5 2. exd5 Nf6 3. Bb5+ Bd7 4. Qe2 a6 5. Bc4 b5 6. Bb3 Bf5 7. a4 Nxd5 8. d3 Nc6 9. Nf3 e6 10. O-O Bc5 11. axb5 Ncb4 12. h3 axb5 13. Rxa8 Qxa8 14. Nh4 O-O 15. Na3 Qc6 16. Be3 Nxe3 17. fxe3 Re8 18. c3 Bxd3 0-1

[Event "Winnipeg TNT Febr op"]
[Site "Winnipeg CAN"]
[Date "2004.02.03"]
[Round "1"]
[White "Nair, Krishnan"]
[Black "Pottinger, Carl"]
[Result "0-1"]
[WhiteElo "1240"]
[BlackElo "1603"]
[PlyCount "92"]
[GameId "2160767911192081"]
[EventDate "2004.02.03"]
[EventType "swiss"]
[EventRounds "4"]
[EventCountry "CAN"]
[SourceTitle "EXT 2006"]
[Source "ChessBase"]
[SourceDate "2005.11.24"]
[SourceVersion "1"]
[SourceVersionDate "2005.11.24"]
[SourceQuality "1"]

1. e4 c5 2. Bc4 Nc6 3. Qf3 Ne5 4. Qc3 Nxc4 5. Qxc4 d6 6. Nf3 Be6 7. Qb5+ Qd7 8. Qxd7+ Bxd7 9. O-O Bg4 10. Ne1 Be2 11. Nc3 Bxf1 12. Kxf1 Nf6 13. Nb5 Kd7 14. d3 a6 15. Na3 b5 16. c3 g6 17. Bg5 Bg7 18. Nf3 Ng4 19. d4 Rac8 20. h3 Nf6 21. e5 Nd5 22. c4 bxc4 23. Nxc4 f6 24. exf6 exf6 25. Bd2 cxd4 26. b3 f5 27. Rd1 Rc6 28. Ba5 Nc3 29. Rd2 Ne4 30. Rd3 Nc5 31. Rd1 d3 32. b4 Nb7 33. Nb6+ Kc7 34. Nd5+ Kb8 35. Rxd3 Nxa5 36. bxa5 Re8 37. g3 Rc5 38. Ne3 Be5 39. Nxe5 dxe5 40. Rd6 Rxa5 41. Rd7 Rh8 42. Rd2 Kc8 43. Nc4 Rc5 44. Nd6+ Kc7 45. Nf7 Rf8 46. Nd6 Rd8 0-1

[Event "Winnipeg TNT Febr op"]
[Site "Winnipeg CAN"]
[Date "2004.02.03"]
[Round "1"]
[White "Repa, Jason"]
[Black "Mor, Shai"]
[Result "1-0"]
[WhiteElo "1967"]
[BlackElo "1329"]
[PlyCount "57"]
[GameId "2160767911192082"]
[EventDate "2004.02.03"]
[EventType "swiss"]
[EventRounds "4"]
[EventCountry "CAN"]
[SourceTitle "EXT 2006"]
[Source "ChessBase"]
[SourceDate "2005.11.24"]
[SourceVersion "1"]
[SourceVersionDate "2005.11.24"]
[SourceQuality "1"]

1. f4 f5 2. e4 e5 3. exf5 Qf6 4. Qh5+ g6 5. fxg6 hxg6 6. Qxe5+ Qxe5+ 7. fxe5 d6 8. d4 dxe5 9. dxe5 Bf5 10. Bd3 Nd7 11. Bxf5 gxf5 12. Nf3 O-O-O 13. O-O Bc5+ 14. Kh1 Ne7 15. Nc3 a6 16. Bg5 Rde8 17. Bxe7 Rxe7 18. Nd5 Reh7 19. h3 Rg8 20. e6 Nf8 21. Nf6 Nxe6 22. Nxh7 Nf4 23. Nfg5 Ne2 24. Rf3 Nd4 25. Rd3 Rg7 26. Rad1 Nc6 27. Ne6 Rxh7 28. Rd8+ Nxd8 29. Rxd8# 1-0

[Event "Winnipeg TNT Febr op"]
[Site "Winnipeg CAN"]
[Date "2004.02.03"]
[Round "1"]
[White "Rutter, Blair"]
[Black "Gibbons, Lorne"]
[Result "0-1"]
[WhiteElo "1657"]
[BlackElo "1353"]
[PlyCount "124"]
[GameId "2160767911192083"]
[EventDate "2004.02.03"]
[EventType "swiss"]
[EventRounds "4"]
[EventCountry "CAN"]
[SourceTitle "EXT 2006"]
[Source "ChessBase"]
[SourceDate "2005.11.24"]
[SourceVersion "1"]
[SourceVersionDate "2005.11.24"]
[SourceQuality "1"]

1. d4 d5 2. c4 c6 3. Nc3 Bf5 4. Nf3 e6 5. c5 Be7 6. Bf4 Nf6 7. h3 h6 8. e3 O-O 9. Bd3 Bh7 10. Qc2 Qa5 11. a3 b5 12. b4 Qd8 13. O-O Nbd7 14. Ra2 a5 15. Raa1 Qc8 16. Rfe1 Qb7 17. Nd2 axb4 18. axb4 Rxa1 19. Rxa1 Ra8 20. Re1 Nf8 21. e4 Qa6 22. exd5 Nxd5 23. Nxd5 cxd5 24. Bxh7+ Nxh7 25. Nb3 Bd8 26. Qd3 Qc6 27. Qg3 g5 28. Bd6 Nf6 29. f3 Ne8 30. Be5 Ra4 31. Na5 Bxa5 32. bxa5 Rxa5 33. h4 f6 34. Bd6 Qd7 35. hxg5 hxg5 36. Bf4 Kf7 37. Bd2 Ra4 38. Be3 Ng7 39. Qh3 Kg6 40. Bf2 Rc4 41. f4 b4 42. fxg5 fxg5 43. Rd1 Rc3 44. Qg4 b3 45. Be1 Rc2 46. Qg3 Qb5 47. Bd2 b2 48. Qxg5+ Kh7 49. Qh4+ Kg8 50. Qd8+ Qe8 51. Qb6 Qg6 52. Qb8+ Kh7 53. Qf4 Nf5 54. Rf1 Rc4 55. Qc7+ Qg7 56. Qh2+ Kg6 57. g4 Qxd4+ 58. Kh1 Qe4+ 59. Kg1 Qxg4+ 60. Qg2 Qxg2+ 61. Kxg2 Rxc5 62. Rb1 Rc2 0-1

[Event "Winnipeg TNT Febr op"]
[Site "Winnipeg CAN"]
[Date "2004.02.03"]
[Round "1"]
[White "Silva, T Romero"]
[Black "Anderson, Collin"]
[Result "1-0"]
[WhiteElo "1603"]
[BlackElo "1779"]
[PlyCount "127"]
[GameId "2160767911192084"]
[EventDate "2004.02.03"]
[EventType "swiss"]
[EventRounds "4"]
[EventCountry "CAN"]
[SourceTitle "EXT 2006"]
[Source "ChessBase"]
[SourceDate "2005.11.24"]
[SourceVersion "1"]
[SourceVersionDate "2005.11.24"]
[SourceQuality "1"]

1. d4 d5 2. c4 c6 3. a4 Nf6 4. Nc3 Bf5 5. Nf3 e6 6. e3 Bb4 7. Bd2 O-O 8. Be2 Nbd7 9. O-O Bxc3 10. Bxc3 Ne4 11. Bb4 Re8 12. a5 c5 13. dxc5 dxc4 14. Bxc4 Ndxc5 15. Qd4 Qc7 16. Bxc5 Red8 17. Qe5 Qxc5 18. Qxc5 Nxc5 19. Nd4 Bd3 20. Bxd3 Nxd3 21. h3 Nxb2 22. Rfb1 e5 23. Rxb2 exd4 24. exd4 Rxd4 25. Rxb7 h5 26. a6 Rd6 27. h4 Kf8 28. Kh2 g6 29. Ra3 Kg7 30. Rf3 Rf6 31. Rxf6 Kxf6 32. f3 Ke6 33. g4 hxg4 34. fxg4 f5 35. Kg3 Ke5 36. Rb5+ Ke6 37. Kf4 Rc8 38. gxf5+ gxf5 39. Re5+ Kf6 40. Rxf5+ Kg6 41. Rg5+ Kh6 42. Rd5 Rc6 43. Ra5 Rc4+ 44. Ke5 Rxh4 45. Kd6 Rb4 46. Rc5 Kg6 47. Rc7 Rb6+ 48. Rc6 Rb3 49. Kd7+ Kf5 50. Rc7 Rh3 51. Kc8 Ke6 52. Kb8 Kd6 53. Rb7 Kc6 54. Kxa7 Rh8 55. Rb6+ Kc5 56. Rb8 Rh7+ 57. Ka8 Kc6 58. a7 Rh3 59. Rg8 Rb3 60. Rc8+ Kd7 61. Rb8 Rc3 62. Kb7 Rb3+ 63. Ka6 Ra3+ 64. Kb6 1-0

[Event "Winnipeg TNT Febr op"]
[Site "Winnipeg CAN"]
[Date "2004.02.10"]
[Round "2"]
[White "Anderson, Collin"]
[Black "Mor, Shai"]
[Result "1-0"]
[WhiteElo "1779"]
[BlackElo "1329"]
[PlyCount "51"]
[GameId "2160767911192085"]
[EventDate "2004.02.03"]
[EventType "swiss"]
[EventRounds "4"]
[EventCountry "CAN"]
[SourceTitle "EXT 2006"]
[Source "ChessBase"]
[SourceDate "2005.11.24"]
[SourceVersion "1"]
[SourceVersionDate "2005.11.24"]
[SourceQuality "1"]

1. d4 d5 2. c4 dxc4 3. e4 e5 4. Nf3 Bg4 5. Bxc4 Bb4+ 6. Bd2 Bxd2+ 7. Nbxd2 Qf6 8. Qb3 b6 9. Nxe5 Be6 10. Bxe6 Qxe6 11. Qxe6+ fxe6 12. Rc1 Na6 13. b4 Nxb4 14. Rxc7 Ne7 15. Ke2 Nxa2 16. Ra1 Nb4 17. Raxa7 Rxa7 18. Rxa7 Nbc6 19. Ra8+ Nd8 20. Ndc4 Nec6 21. Nxc6 Kd7 22. Rxd8+ Rxd8 23. Nxd8 Kxd8 24. Nxb6 Kc7 25. Nc4 Kc6 26. f4 1-0